Diccionario enciclopédico del Oriente cristiano
Guardat en:
| Autor principal: | |
|---|---|
| Format: | Llibre |
| Idioma: | espanyol |
| Publicat: |
Burgos
Monte Carmelo
2007
|
| Matèries: | |
| Etiquetes: |
Afegir etiqueta
Sense etiquetes, Sigues el primer a etiquetar aquest registre!
|
MARC
| LEADER | 00000nam a2200000 a 4500 | ||
|---|---|---|---|
| 001 | UCI4117 | ||
| 003 | CL-VaPUC | ||
| 008 | 071221e20070000SP |||||||||||||||||spa|d | ||
| 020 | |a 9788483530870 | ||
| 082 | 0 | 4 | |a 230.03 |b FAR |2 21 |
| 100 | 0 | |a Farrugia, Edward G |e author |9 525801 | |
| 245 | 1 | 0 | |a Diccionario enciclopédico del Oriente cristiano |
| 300 | |a 715 p | ||
| 942 | |c BK | ||
| 945 | |d 20071221 00:00:00 |a jtorresc | ||
| 260 | |a Burgos |b Monte Carmelo |c 2007 | ||
| 650 | 0 | |a Teología cristiana |9 308336 | |
| 650 | 0 | |a Iglesias orientales |9 366233 | |
| 650 | 7 | |a DOCTRINAS RELIGIOSAS |2 CL-VaPUC |9 337177 | |
| 650 | 0 | |a Diccionarios |9 256200 | |
| 650 | 0 | |a Enciclopedias |9 264135 | |
| 583 | |a last modification |c 20071221 00:00:00 |k Rodrigo Vera | ||
| 999 | |c 328105 |d 328103 | ||
| 952 | |0 0 |1 0 |4 0 |6 230_030000000000000_FAR_2007 |7 0 |8 F |9 411878 |a BIBTEO |b BIBTEO |d 2019-11-22 |i 4397223 |o 230.03 FAR 2007 |p 4397223 |r 2025-01-17 |w 2019-11-22 |y BK_F |k ICR | ||